000 00619nam a2200229Ia 4500
003 OSt
005 20220925185916.0
006 a|||||r|||| 00| 0
007 ta
008 220923b |||||||| |||| 00| 0 eng d
037 _cGeneral Book
040 _aRTL
_cRTL
_beng
041 _2eng
_aeng
082 _aX, K4
100 _aAlchian Armen A
_9236322
245 0 _aUniversity Economics
260 _aBalmont
_bWadsworth Pub.924p
_c1964
300 _a924p
_ccm.
700 _a Allen William R
_9236323
942 _hX, K4
_cGB
_2CC
999 _c512618
_d512618